Rasčet oborudovanija sacharnych zavodov : Teorija i zadači /

Gespeichert in:
Bibliographische Detailangaben
1. Verfasser: Prudius, Boris Vasiľjevič
Weitere Verfasser: Chomenko, Aleksandr Ivanovič
Format: Buch
Sprache:Russisch
Veröffentlicht: Moskva : Agropromizdat, 1985
Online-Zugang: Volltext
Tags: Tag hinzufügen
Keine Tags, Fügen Sie den ersten Tag hinzu!

MARC

LEADER 00000nam a2200000 4500
003 SK-BrCVT
005 20220617170852.0
008 880101s1985 rur e ||||||rus d
035 |a CVTIDW0915528 
040 |b slo  |a CVTI SR 
041 0 |a rus 
044 |a rur 
080 |a 664.12.002.5  |2 UDC-MRF 
100 1 |a Prudius, Boris Vasiľjevič 
242 1 0 |a Výpočet zariadení pre cukrovar 
245 1 0 |a Rasčet oborudovanija sacharnych zavodov :  |b Teorija i zadači /  |c Boris Vasiľjevič Prudius, Aleksandr Ivanovič Chomenko 
260 |a Moskva :  |b Agropromizdat,  |c 1985 
300 |a 220 s. 
700 1 |a Chomenko, Aleksandr Ivanovič 
910 |b A457276 
974 |f Knihy 
992 |a AMG 
999 |c 74858  |d 74858